| 000 | 00831cam a2200277 a 4500 | ||
|---|---|---|---|
| 999 |
_c14337 _d14335 |
||
| 001 | 38484 | ||
| 003 | UkOxU | ||
| 005 | 20200304151248.0 | ||
| 008 | 010307s2002 caua b 001 0 eng | ||
| 020 | _a0534590047 | ||
| 035 | _a12337368 | ||
| 040 |
_aDLC _cDDC _dDLC |
||
| 042 | _apcc | ||
| 050 | 0 | 0 |
_aQP141 _b.W46 2002 |
| 082 | 0 | 0 |
_a613.2 _221 |
| 100 | 1 | _aWhitney, Eleanor Noss. | |
| 245 | 1 | 0 |
_aUnderstanding nutrition / _cEleanor Noss Whitney, Sharon Rady Rolfes. |
| 250 | _a9th ed. | ||
| 260 |
_aBelmont, CA ; _aLondon : _bWadsworth, _cc2002. |
||
| 300 |
_a1 v. (various pagings) : _bcol. ill. ; _c29 cm. |
||
| 500 | _aTables on endpapers. | ||
| 504 | _aIncludes bibliographical references and index. | ||
| 650 | 0 | _aNutrition. | |
| 700 | 1 | _aRolfes, Sharon Rady. | |
| 942 |
_2ddc _cCIRC |
||